000 00470nam a2200169Ia 4500
008 230917s9999||||xx |||||||||||||| ||und||
020 _cRS 1995.00
040 _e5009172
_aMAIN
041 _aEnglish
082 _a823.09 M294M
100 _aMalhotra, Ashok
245 0 _aMaking British Indian fictions 1772-1823
260 _aNew York
_bPalgrave Macmillan
_c2014
300 _axiii, 277 p.
500 _a4553 15/02/2022 HBD22/9323 10/03/2022 Main Budget
942 _cBK
999 _c5540
_d5540